000 00320nam a2200109Ia 4500
008 200302s9999 xx 000 0 und d
100 _aRibert Coser
245 _aFaabricating Architecture Selected Readings in Digital Design & Manufacturing
260 _bPrinceton Architectural Press
260 _c2010
300 _a216 P.,
999 _c2803
_d2803